| 000 | 00385nam a2200133Ia 4500 | ||
|---|---|---|---|
| 005 | 20260328104308.0 | ||
| 008 | 260328s9999||||xx |||||||||||||| ||und|| | ||
| 100 | _aTurabian, Kate L. | ||
| 245 | 2 |
_aA Manual for writers of Research Papers ,theses and dissertations / _cKate L. Turabian |
|
| 260 | _bUniversity of Chicago Press | ||
| 300 | _a448 p. | ||
| 650 | _aESPAÑOL | ||
| 942 | _cBK | ||
| 999 |
_c10846 _d10846 |
||